000 00452nam a2200169 a 4500
001 7678
005 20180713191557.0
008 140415s1990 sp 000 0 spa d
041 _aspa
082 _a262.98
_bCOD
100 1 _aCODINA, VICTOR
245 1 0 _aPARA COMPRENDER LA ECLESIOLOGIA DESDE AMERICA LATINA
250 _a1a ed.
260 _aESPAÑA :
_bVERBO DIVINO,
_c1990
300 _a132
650 1 4 _aIGLESIA
_xAMERICA LATINA
999 _c7678
_d7678